<?xml version="1.0" encoding="UTF-8"?>
<collection xmlns="http://www.loc.gov/MARC21/slim">
 <record>
  <leader>02015caa a2200397   4500</leader>
  <controlfield tag="001">1796275905</controlfield>
  <controlfield tag="003">DE-627</controlfield>
  <controlfield tag="005">20220822000944.0</controlfield>
  <controlfield tag="007">cr uuu---uuuuu</controlfield>
  <controlfield tag="008">220322s2015    xx |||||oo    00| ||eng c</controlfield>
  <datafield tag="024" ind1="7" ind2=" ">
   <subfield code="a">10.18446/rec.artium.131769484</subfield>
   <subfield code="2">doi</subfield>
  </datafield>
  <datafield tag="035" ind1=" " ind2=" ">
   <subfield code="a">(DE-627)1796275905</subfield>
  </datafield>
  <datafield tag="035" ind1=" " ind2=" ">
   <subfield code="a">(DE-599)KXP1796275905</subfield>
  </datafield>
  <datafield tag="035" ind1=" " ind2=" ">
   <subfield code="a">(OCoLC)1341493932</subfield>
  </datafield>
  <datafield tag="040" ind1=" " ind2=" ">
   <subfield code="a">DE-627</subfield>
   <subfield code="b">ger</subfield>
   <subfield code="c">DE-627</subfield>
   <subfield code="e">rda</subfield>
  </datafield>
  <datafield tag="041" ind1=" " ind2=" ">
   <subfield code="a">eng</subfield>
  </datafield>
  <datafield tag="084" ind1=" " ind2=" ">
   <subfield code="a">KUNST</subfield>
   <subfield code="q">DE-16</subfield>
   <subfield code="2">fid</subfield>
  </datafield>
  <datafield tag="100" ind1="1" ind2=" ">
   <subfield code="a">Blaylock, Sara</subfield>
   <subfield code="e">VerfasserIn</subfield>
   <subfield code="4">aut</subfield>
  </datafield>
  <datafield tag="245" ind1="1" ind2="0">
   <subfield code="a">[Rezension von: Sarah E. James, Common ground. German photographic cultures across the Iron Curtain]</subfield>
   <subfield code="c">rezensiert von Sara Blaylock, History of Art and Visual Culture Department, University of California at Santa Cruz</subfield>
  </datafield>
  <datafield tag="264" ind1=" " ind2="1">
   <subfield code="c">2015</subfield>
  </datafield>
  <datafield tag="300" ind1=" " ind2=" ">
   <subfield code="b">Illustrationen</subfield>
  </datafield>
  <datafield tag="336" ind1=" " ind2=" ">
   <subfield code="a">Text</subfield>
   <subfield code="b">txt</subfield>
   <subfield code="2">rdacontent</subfield>
  </datafield>
  <datafield tag="337" ind1=" " ind2=" ">
   <subfield code="a">Computermedien</subfield>
   <subfield code="b">c</subfield>
   <subfield code="2">rdamedia</subfield>
  </datafield>
  <datafield tag="338" ind1=" " ind2=" ">
   <subfield code="a">Online-Ressource</subfield>
   <subfield code="b">cr</subfield>
   <subfield code="2">rdacarrier</subfield>
  </datafield>
  <datafield tag="655" ind1=" " ind2="7">
   <subfield code="a">Rezension</subfield>
   <subfield code="0">(DE-588)4049712-4</subfield>
   <subfield code="0">(DE-627)106186019</subfield>
   <subfield code="0">(DE-576)209083166</subfield>
   <subfield code="2">gnd-content</subfield>
  </datafield>
  <datafield tag="773" ind1="0" ind2="8">
   <subfield code="i">Enthalten in</subfield>
   <subfield code="t">Kunstform</subfield>
   <subfield code="d">München : Ludwig-Maximilians-Universität München, Institut für Kunstgeschichte, 2000</subfield>
   <subfield code="g">16(2015), 5</subfield>
   <subfield code="h">Online-Ressource</subfield>
   <subfield code="w">(DE-627)382929004</subfield>
   <subfield code="w">(DE-600)2140180-9</subfield>
   <subfield code="w">(DE-576)281244731</subfield>
   <subfield code="x">1618-7199</subfield>
   <subfield code="7">nnns</subfield>
  </datafield>
  <datafield tag="773" ind1="1" ind2="8">
   <subfield code="g">volume:16</subfield>
   <subfield code="g">year:2015</subfield>
   <subfield code="g">number:5</subfield>
  </datafield>
  <datafield tag="787" ind1="0" ind2="8">
   <subfield code="i">Rezension von</subfield>
   <subfield code="a">James, Sarah E., 1978 - </subfield>
   <subfield code="t">Common ground</subfield>
   <subfield code="d">New Haven, Conn. [u.a.] : Yale Univ. Press, 2013</subfield>
   <subfield code="h">267 S.</subfield>
   <subfield code="w">(DE-627)721041094</subfield>
   <subfield code="w">(DE-576)377743380</subfield>
   <subfield code="z">9780300184440</subfield>
  </datafield>
  <datafield tag="856" ind1="4" ind2="0">
   <subfield code="u">https://doi.org/10.18446/rec.artium.131769484</subfield>
   <subfield code="x">Resolving-System</subfield>
   <subfield code="x">Verlag</subfield>
   <subfield code="z">kostenfrei</subfield>
   <subfield code="3">Volltext</subfield>
  </datafield>
  <datafield tag="856" ind1="4" ind2="0">
   <subfield code="u">https://www.arthistoricum.net/kunstform/rezension/ausgabe/2015/5/26589</subfield>
   <subfield code="x">Verlag</subfield>
   <subfield code="z">kostenfrei</subfield>
   <subfield code="3">Volltext</subfield>
  </datafield>
  <datafield tag="936" ind1="u" ind2="w">
   <subfield code="d">16</subfield>
   <subfield code="j">2015</subfield>
   <subfield code="e">5</subfield>
  </datafield>
  <datafield tag="951" ind1=" " ind2=" ">
   <subfield code="a">AR</subfield>
  </datafield>
  <datafield tag="994" ind1=" " ind2=" ">
   <subfield code="u">https://www.arthistoricum.net/kunstform/rezension/ausgabe/2015/5/26589</subfield>
  </datafield>
  <datafield tag="994" ind1=" " ind2=" ">
   <subfield code="u">https://www.arthistoricum.net/kunstform/rezension/ausgabe/2015/5/26589</subfield>
  </datafield>
  <datafield tag="991" ind1=" " ind2=" ">
   <subfield code="a">Rezension (Monographie, Zeitschrift, Aufsatz)</subfield>
  </datafield>
  <datafield tag="999" ind1=" " ind2=" ">
   <subfield code="a">KXP-PPN1796275905</subfield>
   <subfield code="e">4182952243</subfield>
  </datafield>
 </record>
</collection>
